000 02086nam0a2200385 4500
001 RU\NLR\bibl\926578
005 20260407080049.0
021 _aRU
_b2006-3332
_9148
035 _a(nilc)RSL-KNO-002834422
035 _a(NLR Aleph) 000914829
090 _a62630
_c62630
100 _a20060228d2005 |||y0rusy50 ca
101 0 _arus
102 _aRU
105 _ay |||||||||
106 _ar
200 1 _aПсихология и педагогика. Общая и профессиональная педагогика
_eкурс лекций для студентов специальностей 350500, 030500 всех форм обучения
_fА.В. Андриенко , В.А. Озольс
_gФедер. агентство по образованию, ГОУ ВПО "Сиб. гос. технол. ун-т"
210 _aКрасноярск
_c"Сиб. гос. технол. ун-т"
_d2005
215 _a140 с.
_d21
300 _aАвт. указаны на обл.
320 _aБиблиогр. в конце лекций
517 0 _aОбщая и профессиональная педагогика
606 1 _aПедагогика
_jУчебные издания для высших учебных заведений
_9921924
_3RU\NLR\auth\6619222
610 0 _aКультура. Наука. Просвещение -- Народное образование. Педагогические науки -- Педагогика -- Лекции для высшей школы
686 _aЧ30я73-2
_2rubbk
686 _aЧ30я73-1
700 1 _aАндриенко
_bА. В.
_gАлександр Викторович
_4070
701 1 _aОзольс
_bВ. А.
_gВера Александровна
_4070
712 0 2 _4570
_aСибирский государственный технологический университет
_cКрасноярск
_3RU\NLR\AUTH\884604
_9280751
801 0 _aRU
_bРКП
_c20060228
_grcr
801 1 _aRU
_bРГБ
_c20060228
801 2 _aRU
_bNLR
_c20060404
_grcr
942 _cBOOK
980 _aNB